00666naa a2200217uuc4500001000800000005001700008008004100025035001200066040001300078041000800091080000600099100004100105245005300146260001000199300001500209650004200224650002900266773012100295942001300416999001900429111492920240202085912.0081121s2006 spa  a1114929 ccomduadb aspa aE10aSaban Vera, Carmen4auteaut949222513aLa labor de la Unesco en educación para la paz c2006. ap. 341-359 7aEducación para la paz2embne937872 aUnesco - Programas979480 tActas del I Congreso Hispanoamericano de Educación y Cultura de Pazw1114732z8433830120w(OCoLC)7772734230474278 cBKCAPn0 c477248d477248